000 00684nam a2200253Ia 4500
003 OSt
005 20220918163555.0
006 a|||||r|||| 00| 0
007 ta
008 220917b |||||||| |||| 00| 0 eng d
020 _a0143030329
024 _a225,418
037 _cTextual
040 _aARTS
_cARTS
_beng
041 _2eng
_aeng
082 _aO111944x, P3
100 _aAmitava Kumar
_913911
245 0 _aAway
_b The Indian writer as an expatriate
260 _aNew Delhi
_bPenguin Books India
_c2003
300 _axxvi, 399p.
_ccm.
650 _aENGLISH LITERATURE
942 _hO111944x, P3
_cTEXL
_2CC
999 _c120222
_d120222